000 00432cam a2200181ua 4500
001 3858
008 111206n ii |||gr||||Z||||||asm
040 _cMAIN
082 _a891.4511
100 1 _aTalukder, Nanda,
245 1 1 _aKabi aru kabita
_cby Nanda Talukder
250 _a1st.
260 _aGuwahati:
_bDutta barua & co.,969.
300 _a259p:
_c23cm.
653 _aAssamese poem
653 _aKabi aru kabita
942 _cBK
999 _c3681
_d3681